Law relating to finanical services. / (Record no. 2757)

MARC details
000 -LEADER
fixed length control field 01124nam a22001817a 4500
008 - FIXED-LENGTH DATA ELEMENTS--GENERAL INFORMATION
fixed length control field 140324b xxu||||| |||| 00| 0 eng d
050 ## - LIBRARY OF CONGRESS CALL NUMBER
Classification number KD1715
Item number .R63(4e)
100 ## - MAIN ENTRY--PERSONAL NAME
Personal name Robert, Graham
245 ## - TITLE STATEMENT
Title Law relating to finanical services. /
Statement of responsibility, etc. Graham Robert
250 ## - EDITION STATEMENT
Edition statement 4th
260 ## - PUBLICATION, DISTRIBUTION, ETC.
Place of publication, distribution, etc. London:
Name of publisher, distributor, etc. Finanical World Publishing ,
Date of publication, distribution, etc. 2001.
300 ## - PHYSICAL DESCRIPTION
Extent xxii, 418p.:
Other physical details ills
Dimensions 20cm
500 ## - GENERAL NOTE
General note Include index.
505 ## - FORMATTED CONTENTS NOTE
Formatted contents note Contents: The Banker- customer relationship -- Types of customer -- Consumer credit act lending -- Cheques - the paying and collecting banks -- Paper payment systems -- Automated teller machines -- Debit cards -- Insolvency -- Taking security from individuals -- Guarantees -- Land as security -- Shares as security -- Life assurance policies as security -- Taking security from companies -- Charges over bank balance -- Charges over books debts -- Agricultural charges -- Regulation of financial services -- Relevant statutory provisions -- The Mortgage code -- The Banking code.
521 ## - TARGET AUDIENCE NOTE
Target audience note -+
650 ## - SUBJECT ADDED ENTRY--TOPICAL TERM
Topical term or geographic name entry element Law
942 ## - ADDED ENTRY ELEMENTS (KOHA)
Source of classification or shelving scheme Library of Congress Classification
Koha item type Books
Holdings
Withdrawn status Lost status Source of classification or shelving scheme Damaged status Not for loan Home library Current library Shelving location Date acquired Total Checkouts Full call number Barcode Date last seen Copy number Price effective from Koha item type
    Library of Congress Classification     WISCONSIN INTERNATIONAL UNIVERSITY COLLEGE, GHANA - MAIN LIBRARY WISCONSIN INTERNATIONAL UNIVERSITY COLLEGE, GHANA - MAIN LIBRARY Law Library 24/03/2014   KD1715 .R63(4e) 848/13 24/03/2014 1 24/03/2014 Books
    Library of Congress Classification     WISCONSIN INTERNATIONAL UNIVERSITY COLLEGE, GHANA - MAIN LIBRARY WISCONSIN INTERNATIONAL UNIVERSITY COLLEGE, GHANA - MAIN LIBRARY Law Library 24/03/2014   KD1715 .R631(4e) 849/13 24/03/2014 2 24/03/2014 Books

If you have any concerns or questions; kindly contact the library


© Powered by WIUC ICT DIRECTORATE